<?xml version="1.0" encoding="UTF-8"?>
<record
    xmlns:xsi="http://www.w3.org/2001/XMLSchema-instance"
    xsi:schemaLocation="http://www.loc.gov/MARC21/slim http://www.loc.gov/standards/marcxml/schema/MARC21slim.xsd"
    xmlns="http://www.loc.gov/MARC21/slim">

  <leader>00685nam a22001697a 4500</leader>
  <datafield tag="082" ind1=" " ind2=" ">
    <subfield code="a">297.122</subfield>
    <subfield code="b">SID</subfield>
  </datafield>
  <datafield tag="100" ind1=" " ind2=" ">
    <subfield code="a">Siddiqi, Dr. Muhammad Mian </subfield>
  </datafield>
  <datafield tag="245" ind1=" " ind2=" ">
    <subfield code="a">Farhang Istilahaat-e-Quran/</subfield>
    <subfield code="c"> Dr. Muhammad Mian Siddiqi</subfield>
  </datafield>
  <datafield tag="260" ind1=" " ind2=" ">
    <subfield code="a">Islamabad:</subfield>
    <subfield code="b">Muqtadra Qaumi Zaban, Pakistan,</subfield>
    <subfield code="c">2003.</subfield>
  </datafield>
  <datafield tag="300" ind1=" " ind2=" ">
    <subfield code="a">207p. :</subfield>
    <subfield code="c">27cm.</subfield>
  </datafield>
  <datafield tag="563" ind1=" " ind2=" ">
    <subfield code="a">HB</subfield>
  </datafield>
  <datafield tag="650" ind1=" " ind2=" ">
    <subfield code="a">Quran &#x2013; Terminology</subfield>
    <subfield code="9">129456</subfield>
  </datafield>
  <datafield tag="880" ind1=" " ind2=" ">
    <subfield code="6">100-01\(3\r</subfield>
    <subfield code="a">&#x688;&#x627;&#x6A9;&#x679;&#x631; &#x645;&#x62D;&#x645;&#x62F; &#x645;&#x6CC;&#x627;&#x6BA; &#x635;&#x62F;&#x6CC;&#x642;&#x6CC;</subfield>
  </datafield>
  <datafield tag="880" ind1=" " ind2=" ">
    <subfield code="6">245-02\(3\r</subfield>
    <subfield code="a">&#x641;&#x631;&#x6C1;&#x646;&#x6AF;&#x650; &#x627;&#x635;&#x637;&#x644;&#x627;&#x62D;&#x627;&#x62A;&#x650; &#x642;&#x631;&#x622;&#x646;/</subfield>
    <subfield code="b">&#x688;&#x627;&#x6A9;&#x679;&#x631; &#x645;&#x62D;&#x645;&#x62F; &#x645;&#x6CC;&#x627;&#x6BA; &#x635;&#x62F;&#x6CC;&#x642;&#x6CC;</subfield>
  </datafield>
  <datafield tag="880" ind1=" " ind2=" ">
    <subfield code="6">260-03\(3\r</subfield>
    <subfield code="a">&#x627;&#x633;&#x644;&#x627;&#x645; &#x622;&#x628;&#x627;&#x62F;:</subfield>
    <subfield code="b">&#x645;&#x642;&#x62A;&#x62F;&#x631;&#x6C1; &#x642;&#x648;&#x645;&#x6CC; &#x632;&#x628;&#x627;&#x646;&#x60C; &#x67E;&#x627;&#x6A9;&#x633;&#x62A;&#x627;&#x646;,</subfield>
    <subfield code="c">2003.</subfield>
  </datafield>
  <datafield tag="942" ind1=" " ind2=" ">
    <subfield code="2">ddc</subfield>
    <subfield code="c">BK</subfield>
  </datafield>
  <datafield tag="999" ind1=" " ind2=" ">
    <subfield code="c">614130</subfield>
    <subfield code="d">614130</subfield>
  </datafield>
  <datafield tag="952" ind1=" " ind2=" ">
    <subfield code="0">0</subfield>
    <subfield code="1">0</subfield>
    <subfield code="2">ddc</subfield>
    <subfield code="4">0</subfield>
    <subfield code="6">297_122000000000000_SID</subfield>
    <subfield code="7">0</subfield>
    <subfield code="9">641370</subfield>
    <subfield code="a">CL</subfield>
    <subfield code="b">CL</subfield>
    <subfield code="d">2025-07-08</subfield>
    <subfield code="l">0</subfield>
    <subfield code="o">297.122 SID</subfield>
    <subfield code="p">CL-D-2954</subfield>
    <subfield code="r">2025-07-08</subfield>
    <subfield code="w">2025-07-08</subfield>
    <subfield code="y">BK</subfield>
  </datafield>
</record>
